Las migraciones internas en Panamá: algunas consideraciones

שמור ב:
מידע ביבליוגרפי
מחבר ראשי: Vivar, Pablo
פורמט: Texto
יצא לאור: Panamá: Universidad de Panamá
תגים: הוספת תג
אין תגיות, היה/י הראשונ/ה לתייג את הרשומה!

MARC

LEADER 00000 a a2200000 04500
001 21061
003
040
090 |a 091000  
100 |a Vivar, Pablo  
245 |a Las migraciones internas en Panamá: algunas consideraciones  
260 |a Panamá:   |b Universidad de Panamá  
300 |a S.D.  
999 |c 16132  |d 16132